00419 a2200133 4500001001000000005001700010008004100027245005200068100003000120700002900150700003400179773005500213999001700268ART_3965020260410162000.0260409a 10aPrograma para el ejercicio profesional contable1 aFronti de García, Luisa1 aLarocca, Norberto Genaro1 aSuárez Kimura, Elsa Beatriz0 tPropuestasg- Año 1, Nº 2 (dic. 1995)wREV28258 c31232d31232